| 000 | 00587cam a22001457a 4500 | ||
|---|---|---|---|
| 008 | 180718b1975 xxu||||| |||| 00| 0 eng d | ||
| 082 | _aK782x54 In2re | ||
| 100 | _aIndia. Pipelines Inquiry Commission | ||
| 245 |
_aReport of the Pipelines Inquiry Commission _cby Department of Petroleum, Ministry of Petroleum and Chemicals |
||
| 260 |
_aDelhi _bDepartment of Petroleum. Ministry of Petroleum and Chemicals _c1975 |
||
| 300 | _a463+p. | ||
| 500 | _aChairman: K.R. Damle | ||
| 700 | _aIndia. Ministry of Petroleum and Chemicals. Department of Petroleum | ||
| 700 | _aDamle, K.R., Chairman | ||
| 999 |
_c489353 _d489353 |
||